000 00571nam a2200205 4500
003 OSt
005 20240705021459.0
006 a
008 240705b |||||||| |||| 00| 0 eng d
020 _a0132242869
040 _aDWCL-HMN lib.
_cOC
082 _2Fourth edition
_aCirc. 610.73 W749n 2007
100 _aWilkinson, Judith M
245 _aNursing process and critical thinking /
260 _aN.J.:
_bPearson Educ. Inc.,
_cc2007.
300 _axx,
_b540p.;
_c23 cm.
650 _a1. Nursing.
650 _a2. Critical Thinking.
942 _2ddc
_n0
_cBK-CIRC
_kCirc.
999 _c1994
_d1994